| Поле | Инд. | ПП | Название | Значение |
|---|---|---|---|---|
| Тип записи | a | |||
| Библиографический уровень | m | |||
| 001 | Контрольный номер | b2cb10b6-9ac1-4a29-a7a6-91ad2e6ba291 | ||
| 005 | Дата корректировки | 20140703134843.3 | ||
| 008 | Кодируемые данные | 050318 | ||
| 020 | a | ISBN | 5-93255-141-0 | |
| c | Цена, тираж | 80.00 | ||
| 040 | a | Служба первич. каталог. | НБ ТвГУ | |
| 041 | a | Код языка текста | rus | |
| 080 | a | Индекс УДК | 330.43 | |
| 084 | a | Индекс другой классификации/Индекс ББК | У.в631 | |
| 090 | x | Авторский знак | Н84 | |
| a | Полочн. индекс | У.в631 | ||
| 100 | 1_ | a | Автор | Носко Владимир Петрович |
| 245 | 10 | a | Заглавие | Эконометрика |
| b | Продолж. заглавия | элемент. методы и введ. в регрес. анализ врем. рядов | ||
| c | Ответственность | В. П. Носко ; Ин-т экономики переход. периода | ||
| 260 | 0_ | a | Место издания | Москва |
| b | Издательство | Ин-т экономики переходного периода | ||
| c | Дата издания | 2004 | ||
| 300 | a | Объем | 501 с. | |
| b | Иллюстрации/ тип воспроизводства | ил., табл. | ||
| c | Размеры | 22 cм. | ||
| 500 | a | Примечание | Рез. англ. | |
| 504 | a | Библиография | Библиогр.: с. 485-492. - Предм. указ.: с. 493-501. | |
| 583 | a | Действие | Получение впервые 77 17.03.2005 | |
| k | Исполнитель действия | Дар ГУЭП "ЭКСПР" Минимущества России | ||
| 583 | a | Действие | Припичска 432 26.12.2005 | |
| k | Исполнитель действия | Дар института экономики переходного периода | ||
| 650 | a | Основная рубрика | Эконометрика | |
| 650 | a | Основная рубрика | Экономика | |
| x | Основная подрубрика | Математические методы | ||
| 650 | a | Основная рубрика | Экономико-математические методы и модели | |
| 653 | a | Ключевые слова | Эконометрика | |
| a | Ключевые слова | Экономика | ||
| a | Ключевые слова | Математические методы в экономике | ||
| a | Ключевые слова | Математическая экономика | ||
| a | Ключевые слова | Регрессивный анализ временных рядов | ||
| a | Ключевые слова | Вероятностно-статистические методы | ||
| a | Ключевые слова | Экономико-математические методы | ||
| 852 | t | Порядковый номер экземпляра | 1 | |
| p | Инвентарный номер | 802993 | ||
| 852 | t | Порядковый номер экземпляра | 1 | |
| p | Инвентарный номер | 832122 150.00 | ||
| 863 | t | 00075843 | ||
| 888 | a | Бесплатные | ||
| 952 | p | 77.2005 80.00 1 802993 | ||
| p | 432.2005 150.00 1 832122 | |||
| c | Вид литературы | К рн | ||
| 954 | a | Дата поступления на обработку | 20050812 | |
| 999 | a | Подразделение 2 | Фил1 | |
| a | Подразделение 2 | Фил3 |